|
|
|
|
| LEADER |
01243cam a2200277 7i4500 |
| 001 |
0000040384 |
| 005 |
20230313090000.0 |
| 020 |
|
|
|a 9781403144201 (pbk.)
|
| 020 |
|
|
|a 9781403168696 (CD)
|
| 090 |
0 |
0 |
|a BP605.S2
|b H85 2007
|
| 100 |
1 |
|
|a Hubbard, L. Ron
|
| 245 |
1 |
0 |
|a Scientology :
|b the fundamentals of thought
|c L. Ron Hubbard.
|
| 246 |
3 |
|
|a Scientology:
|b landasan pemikiran.
|
| 260 |
|
|
|a Los Angeles, Calif.:
|b Bridge Pub.,
|c 2007.
|
| 300 |
|
|
|a viii, 241 p.;
|c 25 cm..
|
| 501 |
|
|
|a With CD-ROM : Scientology : the fundamentals of thought / L. Ron Hubbard
|
| 501 |
|
|
|a With kit : Scientology : the fundamentals of thought / L. Ron Hubbard
|
| 504 |
|
|
|a Includes bibliographical references and index
|
| 650 |
0 |
0 |
|a Scientology
|
| 999 |
|
|
|a 0000052887
|b BOK
|c OPEN SHELF
|e 1st Floor, Bestari Jaya
|
| 999 |
|
|
|a 0000052888
|b BOK
|c OPEN SHELF
|e 1st Floor, Bestari Jaya
|
| 999 |
|
|
|a 0000069961
|b BOK
|c OPEN SHELF
|e 1st Floor, Shah Alam
|
| 999 |
|
|
|a CDR0002030
|b CD-ROM
|c OPEN SHELF
|e Circulation Counter, Bestari Jaya
|
| 999 |
|
|
|a CDR0002031
|b CD-ROM
|c OPEN SHELF
|e Circulation Counter, Bestari Jaya
|
| 999 |
|
|
|a KIT0000318
|b KIT
|c OPEN SHELF
|e Circulation Counter, Bestari Jaya
|
| 999 |
|
|
|a KIT0000319
|b KIT
|c OPEN SHELF
|e Circulation Counter, Bestari Jaya
|